Statystyki dla Państwa z największa ilością czołgów.

Kliknij tutaj aby rozwiązać quiz!

Ogólne statystyki

  • Ten quiz został rozwiązany 242 razy
  • Średni wynik to 3 z 15

Statystyki odpowiedzi

IlośćOdpowiedź% Poprawnych
12950Rosja
100%
6289Stany Zjednoczone
92%
6045Korea Północna
40%
3500Chiny
20%
4292Indie
16%
4295Egipt
11%
2026Ukraina
7%
2056Iran
6%
2622Turcja
5%
2200Pakistan
4%
4135Syria
4%
2614Korea Południowa
3%
2760Izrael
2%
1443Maroko
1%
2615Wietnam
1%

Rozkład punktacji

Percentyl według liczby udzielonych odpowiedzi

Procent ludzi z każdym wynikiem

Twoja historia wyników

Nie rozwiązałeś tego quizu